000
00220 a2200109 4500
020
_a
9780545646154
041
_a
spa
100
_a
Arnold, Tedd
245
_a
Hay un hombre mosca en mi sopa
942
_c
BK
952
_7
4
999
_c
19819
_d
19819